000
00253nam a2200109Ia 4500
008
220204s9999 xx 000 0 und d
082
_a
82-3HAR
_b
WAR
100
_a
Ward, Lynda
245
4
_a
The Touch of passion
260
_b
Harlequin
_c
1983
942
_c
BK
999
_c
37728
_d
37728